000 00674nam a2200193 a 4500
001 000019404
005 20200929170016.0
008 100628s1988 cu r 000 p spa d
040 _aDO-SdBNP
_bspa
_cBNPHU
082 _aCU861.
_bA454c
100 1 _aAlonso, Dignora
_941658
245 1 0 _aComo ángel cierto :
_bcontemporáneos /
_cDignora Alonso ; edición Bertha Hernández.
260 _aLa Habana :
_bUnión de Escritores y Artistas de Cuba,
_c1988.
300 _a177 p. ;
_ccm.
500 _aIncluye datos biográficos del autor en la contracubierta.
650 4 _aPoesía cubana
_95226
650 4 _aLiteratura cubana
_91483
700 1 _aHernández, Bertha,
_eed.
_941475
999 _c18920
_d18920